Inovačný rozvoj v oblasti nákladových jednotiek kombinovanej dopravy

K inovačným smerom v oblasti nákladových jednotiek kombinovanej dopravy patria nové koncepcie budovania výmenných nadstavieb. Niekoľko riešení nadstavieb. Koncepčné riešenia v oblasti manipulácie s nákladovými jednotkami: manipulačný systém Commutor, modulárny systém Krupp, vysokoregálový sklad Noel...

Descrizione completa

Salvato in:
Dettagli Bibliografici
Autore principale: Majerčák, Peter
Altri autori: Ceniga, Pavel
Natura: Capitolo di libro
Lingua:slovacco
Soggetti:
Tags: Aggiungi Tag
Nessun Tag, puoi essere il primo ad aggiungerne!!

MARC

LEADER 00000naa$a2200000$$$4500
001 0063595
005 20231108134253.9
041 0 |a slo 
044 |a SK 
245 1 0 |a Inovačný rozvoj v oblasti nákladových jednotiek kombinovanej dopravy  |c Peter Majerčák, Pavel Ceniga 
520 |a K inovačným smerom v oblasti nákladových jednotiek kombinovanej dopravy patria nové koncepcie budovania výmenných nadstavieb. Niekoľko riešení nadstavieb. Koncepčné riešenia v oblasti manipulácie s nákladovými jednotkami: manipulačný systém Commutor, modulárny systém Krupp, vysokoregálový sklad Noell, kruhový terminál, shuttle trains a ďalšie. 
610 2 0 |a doprava nákladná 
610 2 0 |a doprava kombinovaná 
610 2 0 |a doprava kontajnerová 
610 2 0 |a kontajnery 
610 2 0 |a logistika 
610 2 0 |a terminály 
610 2 0 |a tovar 
610 2 0 |a hospodárnosť 
610 2 0 |a efektívnosť 
610 2 0 |a inovácia 
100 1 |a Majerčák, Peter 
700 1 |a Ceniga, Pavel